[Event "Maria Albulet Memorial 2017"]
[Site "Braila"]
[Date "2017.10.11"]
[Round "6"]
[White "Vorniceanu, Alina"]
[Black "Djukic, Sandra"]
[Result "0-1"]
[WhiteElo "1498"]
[BlackElo "2084"]
[Annotator "NA"]
[PlyCount "104"]
[EventDate "2017.??.??"]
[EventCountry "ROU"]
[SourceTitle "playchess.com"]
[Source "ChessBase"]
[SourceQuality "1"]
[TimeControl "40/5400+30:900+30"]

1. e4 {[%emt 0:00:00]} c5 {[%emt 0:00:07]} 2. Nc3 {[%emt 0:00:00]} Nc6 {[%emt 0:00:06]} 3. g3 {[%emt 0:00:00]} g6 {[%emt 0:00:09]} 4. Bg2 {[%emt 0:00:00]} Bg7 {[%emt 0:00:06]} 5. f4 {[%emt 0:00:00]} d6 {[%emt 0:00:05]} 6. Nf3 {[%emt 0:00:01]} b6 {[%emt 0:00:13]} 7. d3 {[%emt 0:00:04]} Bb7 {[%emt 0:00:04]} 8. O-O {[%emt 0:00:07]} Qd7 {[%emt 0:01:19]} 9. Rb1 {[%emt 0:00:49]} Nh6 {[%emt 0:03:08]} 10. h3 {[%emt 0:03:34]} e6 {[%emt 0:22:37]} 11. Be3 {[%emt 0:04:48]} f5 {[%emt 0:02:58]} 12. Qd2 {[%emt 0:05:23]} O-O $15 {[%emt 0:01:53]} 13. Bf2 {[%emt 0:05:17]} Rae8 {[%emt 0:02:35]} 14. exf5 {[%emt 0:04:51]} Nxf5 {[%emt 0:01:10]} 15. Ne2 {[%emt 0:01:27]} Kh8 {[%emt 0:01:16]} 16. c3 {[%emt 0:01:19]} e5 {[%emt 0:07:16]} 17. g4 {[%emt 0:02:36]} Nh6 {[%emt 0:04:10]} 18. fxe5 {[%emt 0:01:14]} Rxf3 {[%emt 0:13:50]} 19. Bxf3 {[%emt 0:13:35]} Nxe5 {[%emt 0:00:15]} 20. Be3 {[%emt 0:11:20]} Nxf3+ {[%emt 0:01:03]} 21. Rxf3 {[%emt 0:00:09]} Bxf3 {[%emt 0:03:41]} 22. Rf1 {[%emt 0:01:25]} Bxe2 {[%emt 0:00:27]} 23. Qxe2 {[%emt 0:00:10]} Nf7 {[%emt 0:03:57]} 24. Qf2 {[%emt 0:01:52]} Ne5 {[%emt 0:01:28]} 25. d4 {[%emt 0:00:39]} Nc6 {[%emt 0:04:37]} 26. dxc5 {[%emt 0:01:37]} bxc5 {[%emt 0:00:41]} 27. Bg5 {[%emt 0:00:52]} Qe6 {[%emt 0:02:22]} 28. Qf7 {[%emt 0:03:41]} Qxf7 {[%emt 0:01:46]} 29. Rxf7 {[%emt 0:00:08]} Ne5 {[%emt 0:00:22]} 30. Rf2 {[%emt 0:00:27]} h6 {[%emt 0:00:31]} 31. Bf6 {[%emt 0:00:31]} Nd3 {[%emt 0:02:25]} 32. Bxg7+ {[%emt 0:00:34]} Kxg7 {[%emt 0:00:05]} 33. Rd2 {[%emt 0:00:18]} c4 {[%emt 0:00:28]} 34. b4 {[%emt 0:01:07]} Re1+ {[%emt 0:00:14]} 35. Kg2 {[%emt 0:00:09]} Rc1 {[%emt 0:00:25]} 36. a4 {[%emt 0:00:14]} Rxc3 {[%emt 0:00:08]} 37. b5 {[%emt 0:00:13]} Rb3 {[%emt 0:00:16]} 38. Kf1 {[%emt 0:00:52]} Ra3 {[%emt 0:00:32]} 39. Ke2 {[%emt 0:00:18]} Rxa4 {[%emt 0:00:05]} 40. Ke3 {[%emt 0:00:00]} d5 {[%emt 0:01:05]} 41. h4 {[%emt 0:01:24]} Ra5 {[%emt 0:00:49]} 42. Kd4 {[%emt 0:00:23]} Rxb5 {[%emt 0:00:48]} 43. h5 {[%emt 0:00:13]} Kf6 {[%emt 0:00:31]} 44. hxg6 {[%emt 0:00:08]} Kxg6 {[%emt 0:00:07]} 45. g5 {[%emt 0:00:25]} hxg5 {[%emt 0:00:28]} 46. Rg2 {[%emt 0:00:14]} Nf4 {[%emt 0:00:12]} 47. Ra2 {[%emt 0:00:12]} a5 {[%emt 0:00:14]} 48. Rd2 {[%emt 0:00:30]} Ne6+ {[%emt 0:00:14]} 49. Kc3 {[%emt 0:00:09]} Rb3+ {[%emt 0:00:04]} 50. Kc2 {[%emt 0:00:10]} d4 {[%emt 0:00:08]} 51. Rg2 {[%emt 0:00:15]} d3+ {[%emt 0:00:10]} 52. Kd2 {[%emt 0:00:25]} Rb2+ {[%emt 0:00:06]} 0-1

[Event "Maria Albulet Memorial 2017"]
[Site "Braila"]
[Date "2017.10.12"]
[Round "7"]
[White "Bulmaga, Irina"]
[Black "Babiy, Olga"]
[Result "1/2-1/2"]
[WhiteElo "2423"]
[BlackElo "2317"]
[Annotator "TA"]
[PlyCount "134"]
[EventDate "2017.??.??"]
[EventCountry "ROU"]
[SourceTitle "playchess.com"]
[Source "ChessBase"]
[SourceQuality "1"]

{[%evp 19,134,13,28,29,19,25,32,0,0,0,0,0,0,0,111,115,116,116,112,114,114,109,132,127,137,100,113,100,108,97,96,96,96,89,93,97,100,97,107,96,127,129,128,128,122,118,144,120,141,141,152,146,157,122,141,62,118,108,114,114,122,131,158,142,145,144,127,131,145,135,129,147,147,98,101,55,83,42,47,39,45,8,12,12,19,0,0,0,0,0,0,0,0,0,0,0,0,0,0,0,0,0,0,0,0,0,0,0,0,0,0,0,0,0,0,0,0]} 1. e4 c5 2. Nf3 e6 3. d4 cxd4 4. Nxd4 Nc6 5. Nc3 Qc7 6. Be3 a6 7. Be2 b5 8. Nxc6 Qxc6 9. O-O Bb7 10. Bf3 Qc7 {LiveBook: 33 Games. B49: Sicilian: Taimanov: 5 Nc3 Qc7 6 Be3 a6 7 Be2} 11. Bd4 (11. e5 Rc8 12. Bxb7 Qxb7 13. Qd3 f5 14. exf6 Nxf6 15. Bd4 Be7 16. Rad1 b4 17. Bxf6 Bxf6 18. Ne4 {1-0 (38) Bruzon Batista,L (2664)-Rodshtein,M (2671) Tromsoe 2014}) 11... Ne7 12. Re1 Rc8 {White has an edge.} 13. Qd2 $146 ({Predecessor:} 13. Rc1 Ng6 14. a4 b4 15. Nd5 Bxd5 16. exd5 Bd6 17. Bxg7 Rg8 18. Bh6 Bxh2+ {½-½ (29) Tseitlin,M (2484)-Jansa,V (2500) Arvier 2004}) 13... Nc6 14. Rad1 {[#] Bb6! is the strong threat.} Nxd4 15. Qxd4 e5 16. Qd2 $36 {[%mdl 2048] Black is under pressure.} Bb4 {[#]} (16... Bc5 $11 {remains equal.}) 17. Nxb5 $1 $16 {[%mdl 512]} Bxd2 (17... axb5 18. Qxb4) 18. Nxc7+ Rxc7 19. Rxd2 Ke7 20. Re3 Rhc8 21. Bd1 Rc6 22. c3 Rb6 23. f3 Bc6 24. Bb3 Rcb8 25. Ree2 a5 26. Bc4 Rc8 27. Bd5 Bb5 28. Re3 a4 29. Kf2 Rcb8 30. b4 axb3 31. axb3 Bc6 32. b4 Rc8 33. Ke1 f6 34. Bb3 Bb5 35. Ra2 g5 36. Ra7 h5 37. h3 (37. Ra5 $16) 37... h4 (37... Ra6 $14 38. Rxa6 Bxa6) 38. Ba4 Bxa4 39. Rxa4 {[%mdl 4096] Endgame KRR-KRR} Ke6 40. Rd3 d6 41. Kd2 f5 42. Kc2 fxe4 43. fxe4 g4 44. Kb3 Rf8 45. hxg4 Rg8 46. Ra2 Rxg4 47. Re3 Rb8 48. Rd2 Rbg8 49. Ree2 Rg3 50. b5 Rc8 {The position is equal.} 51. Rc2 d5 $1 {[%cal Bd6d5,Bd5d4][%mdl 32]} 52. Re1 d4 53. Rec1 Kd6 54. Kb4 {Black must now prevent cxd4.} Rcxc3 55. Rxc3 dxc3 $11 {KR-KR} 56. Rc2 Rg4 57. Rxc3 Rxe4+ 58. Ka5 Re2 59. b6 Rxg2 60. b7 Rb2 61. Ka6 $1 Kd5 62. Rd3+ Kc4 (62... Kc6 $5 63. Rc3+ $8 Kd5 $11) 63. Rh3 e4 64. Rxh4 Kd3 65. Rh6 {And now Rb6 would win.} e3 66. Rd6+ Kc2 67. Rc6+ Kd2 {Precision: White = 66%, Black = 78%.} 1/2-1/2

[Event "Maria Albulet Memorial 2017"]
[Site "Braila"]
[Date "2017.10.12"]
[Round "7"]
[White "Petrenko, Svetlana"]
[Black "Doluhanova, Evgeniya"]
[Result "0-1"]
[WhiteElo "2140"]
[BlackElo "2328"]
[Annotator "NA"]
[PlyCount "88"]
[EventDate "2017.??.??"]
[EventCountry "ROU"]
[SourceTitle "playchess.com"]
[Source "ChessBase"]
[SourceQuality "1"]
[TimeControl "40/5400+30:900+30"]

1. d4 {[%emt 0:00:00]} Nf6 {[%emt 0:00:24]} 2. Nf3 {[%emt 0:00:00]} e6 {[%emt 0:00:09]} 3. g3 {[%emt 0:00:04]} b5 {[%emt 0:01:41]} 4. Bg2 {[%emt 0:01:34]} Bb7 {[%emt 0:00:08]} 5. O-O {[%emt 0:00:38]} d5 {[%emt 0:00:20]} 6. Ne5 {[%emt 0:03:51] A46: Damenbauernspiele} (6. Bg5 Nbd7 7. e4 dxe4 8. Nfd2 h6 9. Bxf6 Nxf6 10. Qe2 a6 11. Nxe4 Bxe4 12. Bxe4 Nxe4 13. Qxe4 Qd5 {½-½ (62) Aronian,L (2784)-Dominguez Perez,L (2732) Skopje 2015}) 6... Nbd7 {[%emt 0:03:45]} 7. f4 {[%emt 0:03:26]} c5 {[%emt 0:00:55]} 8. e3 {[%emt 0:00:39]} Qb6 $146 {[%emt 0:02:16]} ({Vorgänger:} 8... Bd6 9. b3 b4 10. Bb2 Qc7 11. Nd2 O-O 12. Kh1 Rac8 13. Rc1 Qa5 {0-1 (40) Pujari,R (2114)-Harini,S (2063) Bhubaneswar 2010}) 9. c3 {[%emt 0:00:32]} Bd6 {[%emt 0:04:51]} 10. Kh1 {[%emt 0:03:41]} h5 {[%emt 0:07:24]} 11. h4 {[%emt 0:06:42]} Bxe5 {[%emt 0:15:15]} 12. fxe5 {[%emt 0:02:08]} Ng4 {[%emt 0:00:30]} 13. Bf3 {[%emt 0:07:29]} f5 {[%emt 0:01:25]} 14. b4 {[%emt 0:07:57]} cxb4 {[%emt 0:15:09]} 15. cxb4 {[%emt 0:00:02]} g5 {[%emt 0:02:05]} 16. Nc3 {[%emt 0:07:09]} Rc8 {[%emt 0:03:44]} 17. Qe1 {[%emt 0:02:41]} gxh4 {[%emt 0:09:09]} 18. gxh4 {[%emt 0:00:12]} Ndxe5 {[%emt 0:18:08]} 19. dxe5 {[%emt 0:00:32]} Nxe5 {[%emt 0:01:25]} 20. Qg3 {[%emt 0:15:06]} Nxf3 {[%emt 0:02:15]} 21. Qg6+ {[%emt 0:00:29]} Ke7 {[%emt 0:00:37]} 22. Qg7+ {[%emt 0:00:43]} Kd6 {[%emt 0:00:11]} 23. Rxf3 {[%emt 0:00:57]} Rhg8 {[%emt 0:03:37]} 24. Qf6 {[%emt 0:04:12]} Rxc3 {[%emt 0:05:21]} 25. Qxc3 {[%emt 0:00:26]} Qd8 {[%emt 0:01:18]} 26. Qe1 $2 {[%emt 0:23:41]} (26. Qd2 $17 {was the only chance.} Qf6 27. Qh2+ Kd7 28. Bb2) 26... d4 {[%emt 0:00:18]} 27. e4 {[%emt 0:00:01]} Bxe4 {[%emt 0:00:14]} 28. Bg5 {[%emt 0:00:08]} Rxg5 {[%emt 0:01:21]} 29. hxg5 {[%emt 0:00:05]} Bxf3+ {[%emt 0:00:06]} 30. Kh2 {[%emt 0:00:02]} Qxg5 {[%emt 0:00:08]} 31. Qg3+ {[%emt 0:00:06]} Qxg3+ {[%emt 0:00:07]} 32. Kxg3 {[%emt 0:00:02]} Bg4 {[%emt 0:00:16]} 33. Rc1 {[%emt 0:01:09]} d3 {[%emt 0:00:22]} 34. Rc3 {[%emt 0:00:26]} Be2 {[%emt 0:00:06]} 35. Kf2 {[%emt 0:00:08]} Kd7 {[%emt 0:01:08]} 36. Rc5 {[%emt 0:01:07]} a6 {[%emt 0:00:04]} 37. Ke3 {[%emt 0:02:19]} f4+ {[%emt 0:00:59]} 38. Kd2 {[%emt 0:01:17]} Kd6 {[%emt 0:00:08]} 39. Rc8 {[%emt 0:00:36]} e5 {[%emt 0:00:11]} 40. Rd8+ {[%emt 0:00:00]} Ke6 {[%emt 0:00:08]} 41. Rf8 {[%emt 0:09:38]} h4 {[%emt 0:02:51]} 42. Rh8 {[%emt 0:10:57]} e4 {[%emt 0:00:19]} 43. Rxh4 {[%emt 0:00:32]} e3+ {[%emt 0:00:06]} 44. Ke1 {[%emt 0:00:15]} Bf3 {[%emt 0:00:18]} 0-1

[Event "Maria Albulet Memorial 2017"]
[Site "Braila"]
[Date "2017.10.12"]
[Round "7"]
[White "Miladinovic, Lena"]
[Black "Aciu, Malina-Andreea"]
[Result "1/2-1/2"]
[WhiteElo "2138"]
[BlackElo "2006"]
[Annotator "NA"]
[PlyCount "67"]
[EventDate "2017.??.??"]
[EventCountry "ROU"]
[SourceTitle "playchess.com"]
[Source "ChessBase"]
[SourceQuality "1"]
[TimeControl "40/5400+30:900+30"]

1. c4 {[%emt 0:00:00]} Nf6 {[%emt 0:00:26]} 2. Nc3 {[%emt 0:00:00]} g6 {[%emt 0:00:04]} 3. e4 {[%emt 0:00:00]} d6 {[%emt 0:00:03]} 4. Nf3 {[%emt 0:00:00]} Bg7 {[%emt 0:00:04]} 5. d4 {[%emt 0:00:00]} O-O {[%emt 0:00:03]} 6. Be2 {[%emt 0:00:00]} e5 {[%emt 0:00:04]} 7. O-O {[%emt 0:00:08]} Nc6 {[%emt 0:00:02]} 8. Be3 {[%emt 0:00:24]} Ng4 {[%emt 0:00:41]} 9. Bg5 {[%emt 0:00:40]} f6 {[%emt 0:00:07]} 10. Bc1 {[%emt 0:00:04]} f5 {[%emt 0:23:41]} 11. d5 {[%emt 0:00:11]} Ne7 {[%emt 0:01:01]} 12. Ng5 {[%emt 0:00:12]} Nf6 {[%emt 0:03:21] E97: King's Indian: Classical Main Line (6...e5 7 0-0 Nc6): 8 Be3 and 8 d5 Ne7, not 9 Ne1} 13. exf5 {[%emt 0:01:01]} Nxf5 {[%emt 0:05:36]} 14. Nge4 {[%emt 0:00:26]} h6 {[%emt 0:01:45]} 15. Nxf6+ {[%emt 0:04:14]} Qxf6 {[%emt 0:01:08]} 16. Bg4 {[%emt 0:03:28]} g5 $146 {[%emt 0:08:27]} ({Predecessor:} 16... Qh4 17. g3 Qf6 18. Ne4 Qf7 {0-1 (48) Lenic,L (2538)-Sebenik,M (2465) Ljubljana 2007}) 17. a4 {[%emt 0:06:17]} a6 {[%emt 0:07:38]} 18. Ra3 {[%emt 0:02:02]} Bd7 {[%emt 0:03:56]} 19. Ne4 {[%emt 0:04:51]} Qg6 {[%emt 0:03:53]} 20. Re1 {[%emt 0:12:45]} Rad8 {[%emt 0:01:11]} 21. Bh5 {[%emt 0:06:54]} Qh7 {[%emt 0:00:49]} 22. c5 $11 {[%emt 0:05:54]} dxc5 {[%emt 0:05:52]} 23. Nxc5 {[%emt 0:11:43]} Bc8 {[%emt 0:00:06]} 24. Bg4 {[%emt 0:26:09]} b6 {[%emt 0:05:22]} 25. Ne4 {[%emt 0:02:07]} Bb7 {[%emt 0:01:26]} 26. Rh3 {[%emt 0:03:28]} Rxd5 {[%emt 0:04:25]} 27. Qb3 {[%emt 0:02:08]} Nd4 {[%emt 0:01:12]} 28. Qc4 {[%emt 0:00:46]} Qg6 {[%emt 0:01:28]} 29. Qxc7 {[%emt 0:02:41]} Ba8 {[%emt 0:00:59]} 30. Qc4 {[%emt 0:01:14]} b5 {[%emt 0:04:18]} 31. axb5 {[%emt 0:00:18]} axb5 {[%emt 0:00:02]} 32. Qa2 {[%emt 0:01:58]} Nc2 {[%emt 0:06:00]} 33. Re2 {[%emt 0:03:27]} Qa6 {[%emt 0:01:43]} 34. Ra3 {[%emt 0:00:54]} 1/2-1/2

[Event "Maria Albulet Memorial 2017"]
[Site "Braila"]
[Date "2017.10.12"]
[Round "7"]
[White "Makropoulou, Marina"]
[Black "Cosman, Andreea-Marioara"]
[Result "1/2-1/2"]
[WhiteElo "2136"]
[BlackElo "2125"]
[Annotator "NA"]
[PlyCount "29"]
[EventDate "2017.??.??"]
[EventCountry "ROU"]
[SourceTitle "playchess.com"]
[Source "ChessBase"]
[SourceQuality "1"]
[TimeControl "40/5400+30:900+30"]

1. e4 {[%emt 0:00:00]} c5 {[%emt 0:00:08]} 2. Nf3 {[%emt 0:00:00]} d6 {[%emt 0:00:04]} 3. d4 {[%emt 0:00:03]} cxd4 {[%emt 0:00:05]} 4. Nxd4 {[%emt 0:00:05]} Nf6 {[%emt 0:00:07]} 5. Nc3 {[%emt 0:00:12]} a6 {[%emt 0:00:05]} 6. Be2 {[%emt 0:00:25]} e5 {[%emt 0:00:08]} 7. Nf3 {[%emt 0:00:13]} h6 {[%emt 0:00:07]} 8. Nd2 {[%emt 0:00:49]} Nc6 {[%emt 0:10:33]} 9. a4 {[%emt 0:13:15]} Be6 {[%emt 0:05:47]} 10. Nc4 {[%emt 0:01:07]} d5 {[%emt 0:03:43]} 11. exd5 {[%emt 0:00:39]} Nxd5 {[%emt 0:00:22]} 12. Nxd5 {[%emt 0:00:50]} Bxd5 $11 {[%emt 0:00:25]} 13. O-O {[%emt 0:06:21]} Bc5 {[%emt 0:12:52]} 14. Be3 {[%emt 0:00:46]} Bxe3 {[%emt 0:06:03]} 15. Nxe3 {[%emt 0:00:54]} 1/2-1/2

[Event "Maria Albulet Memorial 2017"]
[Site "Braila"]
[Date "2017.10.12"]
[Round "7"]
[White "Djukic, Sandra"]
[Black "Rakhmangulova, Anastasiya"]
[Result "1/2-1/2"]
[WhiteElo "2084"]
[BlackElo "2242"]
[Annotator "NA"]
[PlyCount "92"]
[EventDate "2017.??.??"]
[EventCountry "ROU"]
[SourceTitle "playchess.com"]
[Source "ChessBase"]
[SourceQuality "1"]
[TimeControl "40/5400+30:900+30"]

1. d4 {[%emt 0:00:00]} d5 {[%emt 0:00:06]} 2. c4 {[%emt 0:00:00]} Nc6 {[%emt 0:00:06]} 3. Nc3 {[%emt 0:00:46]} Nf6 {[%emt 0:00:08]} 4. Nf3 {[%emt 0:00:36]} e6 {[%emt 0:00:09]} 5. g3 {[%emt 0:17:08]} Bb4 {[%emt 0:04:05]} 6. Bg2 {[%emt 0:06:05]} O-O {[%emt 0:03:30]} 7. O-O {[%emt 0:25:03]} dxc4 {[%emt 0:07:02]} 8. Qa4 {[%emt 0:00:46] LiveBook: 20 Games E20: Nimzo-Indian: 4 g3 and 4 f3} Bd7 {[%emt 0:08:52]} (8... Nd5 9. Qc2 Be7 10. Rd1 b6 11. e4 Ndb4 12. Qe2 Ba6 13. Be3 Na5 14. a3 Nd3 15. b4 Nb3 {½-½ (72) Grandelius,N (2644)-Mareco,S (2650) Linares 2017}) 9. Qc2 {[%emt 0:06:53]} a6 $146 {[%emt 0:05:58]} ({Predecessor:} 9... Rb8 10. Rd1 Be7 11. e4 b5 12. Qe2 b4 13. d5 Na5 14. dxe6 fxe6 15. Nb1 Qe8 {½-½ (35) Porat,M (2274)-Mascaro March,P (2413) Arinsal 2011}) 10. Rd1 {[%emt 0:10:34]} h6 {[%emt 0:04:05]} 11. Ne5 {[%emt 0:05:06]} Be8 {[%emt 0:10:11]} 12. Nxc6 {[%emt 0:18:13]} Bxc6 {[%emt 0:00:16]} 13. Bxc6 {[%emt 0:03:53]} bxc6 {[%emt 0:00:06]} 14. e4 {[%emt 0:00:04]} c5 {[%emt 0:04:26]} 15. Ne2 {[%emt 0:01:03]} Qe8 {[%emt 0:03:35]} 16. a3 {[%emt 0:00:27]} cxd4 {[%emt 0:03:11]} 17. Rxd4 {[%emt 0:01:10]} e5 {[%emt 0:06:17]} 18. Rxc4 {[%emt 0:00:04]} Bd6 {[%emt 0:00:32]} 19. Kg2 {[%emt 0:00:48]} Qe6 {[%emt 0:02:10]} 20. h3 {[%emt 0:00:23]} Rfb8 {[%emt 0:03:43]} 21. Be3 {[%emt 0:00:48]} Rxb2 {[%emt 0:03:11]} 22. Qd3 {[%emt 0:00:13]} Rab8 {[%emt 0:01:52]} 23. Rac1 {[%emt 0:00:53]} Bxa3 {[%emt 0:12:30]} 24. Rxc7 {[%emt 0:00:27]} Rxe2 {[%emt 0:00:43]} 25. Qxa3 {[%emt 0:00:15]} Qb3 {[%emt 0:10:50]} ({Black should try} 25... Rb3 $15 26. Rc8+ Kh7) 26. Rc8+ {[%emt 0:00:41]} Kh7 {[%emt 0:00:02]} 27. Qxb3 {[%emt 0:00:35]} Rxb3 {[%emt 0:00:02]} 28. Kf3 {[%emt 0:00:24]} Reb2 {[%emt 0:04:54]} 29. R1c5 {[%emt 0:00:35]} Rb5 {[%emt 0:00:14]} 30. R5c7 {[%emt 0:00:02]} Rb8 {[%emt 0:01:53]} 31. Rxb8 {[%emt 0:00:28]} Rxb8 {[%emt 0:00:01]} 32. Rxf7 {[%emt 0:00:58]} Rb4 {[%emt 0:00:46]} 33. Ra7 {[%emt 0:00:06]} Ra4 {[%emt 0:00:06]} 34. Re7 {[%emt 0:00:24]} Rxe4 {[%emt 0:01:00]} 35. Re6 {[%emt 0:00:02]} Ra4 {[%emt 0:00:39]} 36. Rxe5 {[%emt 0:00:04]} Kg6 {[%emt 0:00:08]} 37. Kg2 {[%emt 0:01:01]} Ra2 {[%emt 0:00:27]} 38. Bb6 {[%emt 0:00:41]} Kf7 {[%emt 0:00:26]} 39. Rc5 {[%emt 0:01:08]} Nd7 {[%emt 0:01:13]} 40. Rc7 {[%emt 0:00:00]} Ke6 {[%emt 0:00:03]} 41. Bd4 {[%emt 0:02:07]} g6 {[%emt 0:01:26]} 42. Rc6+ {[%emt 0:04:14]} Kf7 {[%emt 0:03:05]} 43. Rc7 {[%emt 0:02:33]} Ke6 $14 {[%emt 0:00:21]} 44. Rc6+ {[%emt 0:00:04]} Kf7 {[%emt 0:00:03]} 45. Rc7 {[%emt 0:01:07]} Ke6 {[%emt 0:00:04]} 46. Rc6+ {[%emt 0:04:10]} Kf7 {[%emt 0:00:14]} 1/2-1/2

[Event "Maria Albulet Memorial 2017"]
[Site "Braila"]
[Date "2017.10.12"]
[Round "7"]
[White "Didiliuc, Dariana-Gabriela"]
[Black "Uzuneanu, Gabriela"]
[Result "1-0"]
[WhiteElo "1779"]
[BlackElo "1564"]
[Annotator "NA"]
[PlyCount "49"]
[EventDate "2017.??.??"]
[EventCountry "ROU"]
[SourceTitle "playchess.com"]
[Source "ChessBase"]
[SourceQuality "1"]
[TimeControl "40/5400+30:900+30"]

1. d4 {[%emt 0:00:07]} c5 {[%emt 0:00:02]} 2. d5 {[%emt 0:00:12]} b5 {[%emt 0:00:03]} 3. e4 {[%emt 0:00:21]} a6 {[%emt 0:00:03]} 4. a4 {[%emt 0:00:30]} b4 {[%emt 0:00:03]} 5. a5 {[%emt 0:00:25]} d6 {[%emt 0:00:37]} 6. Bc4 {[%emt 0:00:28]} g6 {[%emt 0:00:09]} 7. f4 {[%emt 0:00:31]} Bg7 {[%emt 0:04:14]} 8. Nf3 {[%emt 0:00:31]} Qc7 {[%emt 0:00:21]} 9. Qe2 {[%emt 0:00:49]} Nd7 {[%emt 0:08:55]} 10. O-O {[%emt 0:03:43]} Bb7 {[%emt 0:00:28]} 11. Nbd2 {[%emt 0:15:51]} Ngf6 {[%emt 0:07:02]} 12. Bd3 {[%emt 0:19:31]} O-O {[%emt 0:12:45]} 13. Nc4 {[%emt 0:04:04]} Rfe8 {[%emt 0:05:43]} 14. e5 {[%emt 0:11:56]} Bxd5 15. exf6 {[%emt 0:01:16]} Bxf6 {[%emt 0:29:31]} 16. f5 {[%emt 0:00:30]} Bb7 {[%emt 0:02:10]} 17. fxg6 {[%emt 0:01:31]} hxg6 {[%emt 0:00:04]} 18. Ng5 {[%emt 0:00:30]} d5 {[%emt 0:01:04]} 19. Bxg6 {[%emt 0:00:37]} Bxg5 {[%emt 0:06:04]} 20. Bxf7+ {[%emt 0:00:21]} Kg7 {[%emt 0:00:07]} 21. Qg4 {[%emt 0:01:34]} Rh8 {[%emt 0:00:35]} 22. Bf4 {[%emt 0:01:22]} Qc6 {[%emt 0:00:46]} 23. Qxg5+ {[%emt 0:01:51]} Kf8 {[%emt 0:00:11]} 24. Bd6 {[%emt 0:01:15]} Rxh2 {[%emt 0:01:27]} 25. Bxe7# {[%emt 0:00:05]} 1-0

[Event "Maria Albulet Memorial 2017"]
[Site "Braila"]
[Date "2017.10.12"]
[Round "7"]
[White "Popa, Catalina-Elena"]
[Black "Vorniceanu, Alina"]
[Result "1-0"]
[WhiteElo "1731"]
[BlackElo "1498"]
[Annotator "NA"]
[PlyCount "77"]
[EventDate "2017.??.??"]
[EventCountry "ROU"]
[SourceTitle "playchess.com"]
[Source "ChessBase"]
[SourceQuality "1"]
[TimeControl "40/5400+30:900+30"]

1. e4 {[%emt 0:00:00]} e5 {[%emt 0:00:04]} 2. Nf3 {[%emt 0:00:00]} Nc6 {[%emt 0:00:04]} 3. Nc3 {[%emt 0:00:00]} Bc5 {[%emt 0:00:15]} 4. Nxe5 {[%emt 0:00:00]} Nxe5 {[%emt 0:02:10]} 5. d4 {[%emt 0:00:00]} Bb6 {[%emt 0:03:09]} 6. dxe5 {[%emt 0:00:00]} Ne7 {[%emt 0:01:18]} 7. Bg5 {[%emt 0:01:09]} h6 {[%emt 0:01:17]} 8. Bh4 {[%emt 0:00:08]} g5 {[%emt 0:02:08]} 9. Bg3 {[%emt 0:00:05]} Bc5 {[%emt 0:09:14]} 10. Bc4 {[%emt 0:04:28]} Ng6 {[%emt 0:08:26]} 11. Bxf7+ {[%emt 0:00:51]} Kxf7 {[%emt 0:02:07]} 12. Qd5+ {[%emt 0:00:01]} Ke8 {[%emt 0:00:49]} 13. Qxc5 {[%emt 0:00:08]} b6 {[%emt 0:01:47]} 14. Qd5 {[%emt 0:00:45]} Rb8 {[%emt 0:00:19]} 15. O-O-O {[%emt 0:01:58]} Qe7 {[%emt 0:00:56]} 16. Nb5 {[%emt 0:06:16]} Rb7 {[%emt 0:03:26]} 17. Qc4 {[%emt 0:03:57]} Kf8 {[%emt 0:09:09]} 18. Nxc7 {[%emt 0:02:17]} Nxe5 {[%emt 0:02:02]} 19. Ne6+ {[%emt 0:07:29]} Kf7 {[%emt 0:07:29]} 20. Bxe5 {[%emt 0:00:06]} dxe6 {[%emt 0:02:04]} 21. Bxh8 {[%emt 0:00:09]} Rc7 {[%emt 0:00:19]} 22. Qd4 {[%emt 0:00:43]} Ke8 {[%emt 0:01:10]} 23. Bf6 {[%emt 0:00:15]} Qc5 {[%emt 0:00:46]} 24. Qxc5 {[%emt 0:00:26]} bxc5 {[%emt 0:00:16]} 25. Rd8+ {[%emt 0:01:34]} Kf7 {[%emt 0:00:10]} 26. Be5 {[%emt 0:00:04]} Rc6 {[%emt 0:00:13]} 27. Rhd1 {[%emt 0:00:17]} c4 {[%emt 0:00:40]} 28. c3 {[%emt 0:00:34]} a5 {[%emt 0:00:32]} 29. R1d6 {[%emt 0:00:53]} Rc5 {[%emt 0:00:08]} 30. Bd4 {[%emt 0:00:06]} Rc7 {[%emt 0:00:21]} 31. Bb6 {[%emt 0:00:07]} Rb7 {[%emt 0:00:32]} 32. Rxc8 {[%emt 0:00:05]} Kf6 {[%emt 0:00:29]} 33. Bd4+ {[%emt 0:00:21]} Ke7 {[%emt 0:00:06]} 34. e5 {[%emt 0:00:35]} a4 {[%emt 0:00:21]} 35. Rh8 {[%emt 0:00:11]} Rb5 {[%emt 0:00:45]} 36. Rh7+ {[%emt 0:00:05]} Ke8 {[%emt 0:00:22]} 37. Ra6 {[%emt 0:00:17]} Rd5 {[%emt 0:00:20]} 38. Ra8+ {[%emt 0:00:05]} Rd8 {[%emt 0:00:21]} 39. Rh8+ {[%emt 0:00:04]} 1-0